Comportamiento político y electoral /
Sábháilte in:
| Príomhchruthaitheoir: | |
|---|---|
| Rannpháirtithe: | |
| Formáid: | Téacs |
| Foilsithe / Cruthaithe: |
Barcelona:
Edit. Ariel
|
| Ábhair: | |
| Clibeanna: |
Cuir clib leis
Níl clibeanna ann, Bí ar an gcéad duine le clib a chur leis an taifead seo!
|
MARC
| LEADER | 00000 a a2200000 04500 | ||
|---|---|---|---|
| 001 | 32901 | ||
| 003 | |||
| 040 | |||
| 020 | |a 84-344-1823-1 | ||
| 090 | |a 205502 | ||
| 100 | |a Anduiza, Eva | ||
| 245 | |a Comportamiento político y electoral / |c Eva Anduiza | ||
| 260 | |a Barcelona: |b Edit. Ariel | ||
| 300 | |a 282 p. | ||
| 650 | |a COMPORTAMIENTO POLITICO | ||
| 650 | |a ELECCIONES | ||
| 650 | |a TEORIA POLITICA | ||
| 650 | |a METODOLOGIA | ||
| 650 | |a ESPAÑA | ||
| 650 | |a VOTACION | ||
| 700 | |a Bosch, Agustí | ||
| 999 | |c 5616 |d 5616 | ||



